| 000 | 00952 a2200217 4500 | ||
|---|---|---|---|
| 003 | Nust | ||
| 005 | 20170207153429.0 | ||
| 010 | _a 70367358 | ||
| 020 | _a0710029535 | ||
| 040 | _cNust | ||
| 082 | 0 | 0 | _a823.8 |
| 100 | 1 | _a Dickens , Charles | |
| 245 | 0 | 0 |
_a David Copperfield _cCharles Dickens. and Editor: Nina Burgis |
| 260 |
_aLondon, _bRoutledge & K. Paul; _aNew York, _b Oxford University press |
||
| 300 |
_aviii, 899 p. _c19 cm. |
||
| 490 | 0 | _aThe Profiles in literature series | |
| 505 | _aExtra Illustration (Page-vi) Introduction (Page-vii) Note on the Text (Page-xxi) A Chronology of Charles Dickens (Page-xxii) Map of London in the i820s (Page-xxiv) David Copperfield Preface (Page-xxvi) Contents (Page-xxix) List of Illustrations (Page-xxxii) David Copperfield (Page-1) Appendixs (Page-856). | ||
| 538 | _aAlmirah No.59 Shelf No.1 | ||
| 600 | 1 | 0 |
_aDickens, Charles, _d1812-1870. |
| 650 | 0 |
_aNovelists, English _y19th century _xBiography. |
|
| 942 |
_2ddc _cBK |
||
| 999 |
_c186049 _d186049 |
||